| 000 | 01146nam a22003130a 4500 | ||
|---|---|---|---|
| 001 | PT16462 | ||
| 003 | AR-LpoUNG | ||
| 005 | 20210516202715.0 | ||
| 008 | 191001s2002||||ag |||||||||||||||||spa d | ||
| 040 |
_aAR-LpoUNG _bspa _cAR-LpoUNG _eaacr |
||
| 041 | _aspa | ||
| 044 | _aag | ||
| 082 | 0 | _a303.3 258gue | |
| 111 | 2 | _aForo Social Mundial, 2, Porto Alegre, 2002 | |
| 245 | 1 | 0 |
_aGuerras y luchas en el imperio : _buna entrevista de Giuseppe Cocco |
| 260 |
_aBuenos Aires : _bCLACSO, _c2002. |
||
| 520 | _aEl entrevistado realiza un sugerente análisis sobre las formas que el poder asume en esta nueva fase histórica del capitalismo, reflexiona sobre la reconceptualización de la guerra a inicios del siglo XXI, la cuestión democrática en el marco del imperio y el avance de las resistencias internacionales. | ||
| 650 | 4 | _aCAPITALISMO | |
| 650 | 4 | _aCONFLICTOS SOCIALES | |
| 650 | 4 | _aCONTROL SOCIAL | |
| 650 | 4 | _aDEMOCRACIA | |
| 650 | 4 | _aINFLUENCIA SOCIAL | |
| 650 | 4 | _aMEDIO SOCIAL | |
| 651 | 4 | _aDOCUMENTOS TEORICOS O METODOLOGICOS | |
| 653 | _aVIDEOS | ||
| 700 | 1 | _aHardt, Michael | |
| 905 | _a16462 | ||
| 942 | _cVIDEO | ||
| 999 |
_c54309 _d54309 |
||